000 01597nam a2200289 4500
020 _a9695560326
040 _cNSHS
082 _a297.57
_bFAZ
100 1 _aFaẓāl, Asmā ʿAlī Muḥammad
_9130221
245 1 _aTaʿmīr-e shakhṣiyat meṅ ʿibādat kā kirdār /
_cMuʾallifah Asmā ʿAlī Muḥammad Faẓāl.
246 _aTamir-e shakhsiyat men ibadat ka kirdar
246 _aTamir-e shaksiat main ibadat ka kirdar
246 _aTameer-e shaksiat main ibadat ka kirdar
260 _aIslāmābād:
_bDaʿwah Academy,
_c2006
300 _a130 pages.
500 _aDC010725
500 _aReligion
520 _aTa‘mīr-e Shakhṣiyat meṅ ‘Ibādat kā Kirdār" (The Role of Worship in Personality Development) highlights how acts of worship—such as prayer, fasting, remembrance of God, and sincerity—play a vital role in shaping a person’s character. Worship helps develop inner peace, discipline, humility, and a sense of purpose. It strengthens moral values, builds self-control, and keeps a person connected to a higher moral framework. When practiced regularly, worship not only improves a person’s relationship with God but also positively influences their behavior, relationships, and decisions in daily life.
546 _aIn Urdu.
650 0 _aWorship (Islam)
_9130036
650 0 _aIslam
_xDoctrines
_91634
650 0 _aSelf-cultivation
_xReligious aspects
_xIslam
_9130222
650 0 _aPersonality development
_xReligious aspects
_xIslam
_9130223
650 0 _aMuslim life
_9130224
942 _2ddc
_cBK
999 _c614454
_d614454